Tre persone per un nome #4 - Statistics

Statistiche generali
  • Questo quiz è stato fatto 184 volte
  • Il punteggio medio è 14 su 16
Statistiche sulle risposte
Indizio Soluzione % Corretto
Bonolis, Maldini, Villaggio Paolo
99%
Frizzi, Ravanelli, De André Fabrizio
94%
Mengoni, Columbro, Pantani Marco
93%
Hayworth, Pavone, Levi-Montalcini Rita
93%
Moravia, Tomba, Sordi Alberto
91%
Lawrence, Aniston, Lopez Jennifer
91%
Benetton, Ligabue, Pavarotti Luciano
91%
Redgrave, Paradis, Incontrada Vanessa
91%
Gardini, Canalis, Gregoraci Elisabetta
90%
Finardi, Scalfari, Montale Eugenio
89%
Bertinotti, Coppi, Leali Fausto
87%
Lee, Willis, Springsteen Bruce
85%
Bartali, Cervi, Paoli Gino
79%
Fox, Gale, Rapinoe Megan
72%
Newton-John, Rodrigo, Wilde Olivia
60%
Sandrelli, Belmondo, Rocca Stefania
47%
Nessun quiz corrispondente trovato
Distribuzione punteggi
Percentuale di utenti per punteggio
Percentile per numero di risposta
I tuoi punteggi nel tempo
Non hai fatto questo quiz